banner-ar

ادبيات الاقصى والدم الفلسطينى / (Record no. 8890)

MARC details
000 -الفاتح
حقل البيانات ثابتة الطول 00767nam a2200229Ia 4500
008 - عناصر البيانات ثابتة الطول - معلومات عامة
حقل البيانات ثابتة الطول 140319s9999 xx 000 0 ara d
020 ## - الرقم الدولى المعيارى للكتب
الرقم الدولى المعيارى للكتاب 3615274977
040 ## - مصدر الفهرسة
وكالة الفهرسة الأصلية GCL /
وكالة النسخ GCL
082 04 - رقم تصنيف ديوى العشرى
رقم التصنيف 810.90358
رقم المادة ج ا
100 1# - المدخل الرئيسى - إسم شخصى
الإسم الشخصى جابر قميحة
245 10 - بيان العنوان
العنوان ادبيات الاقصى والدم الفلسطينى /
بيان المسئوليه,etc جابر قميحة
250 ## - بيان الطبعة
بيان الطبعة الاولى
260 ## - PUBLICATION, DISTRIBUTION, ETC. (IMPRINT)
تاريخ النشر أو التوزيع 2001
300 ## - الوصف المادى
التعداد 167 ص ؛
أبعاد الوعاء 20 سم
490 ## - بيان السلسلة
عنوان السلسلة كتاب القدس
رقم المجلد/ التعيين التسلسلي 3
650 04 - المدخل الاضافى بالموضوع-مصطلح موضوعى
مصطلح موضوعي الشعر السياسى
650 04 - المدخل الاضافى بالموضوع-مصطلح موضوعى
مصطلح موضوعي الشعر العربى - فلسطين
650 04 - المدخل الاضافى بالموضوع-مصطلح موضوعى
مصطلح موضوعي المقالات العربية - فلسطين
650 04 - المدخل الاضافى بالموضوع-مصطلح موضوعى
مصطلح موضوعي الادب العربى السياسى
942 ## - عناصر المدخل الإضافي( كوها)
مصدر التصنيف او مخطط الترفيف Dewey Decimal Classification
Koha [default] item type كتاب
260 ## - PUBLICATION, DISTRIBUTION, ETC. (IMPRINT)
-- القاهرة :
-- مركز الاعلام العربى ،
Holdings
حالة التراجع حالة الفقد حالة تلف ليس للاعارة المكان المؤقت الموقع الحالى تاريخ الاكتساب اجمالي اﻻعارات رقم الطلب الباركود تاريخ اخر مشاهدة تاريخ تفعيل السعر نوع وعاء كوها
        مكتبة القاهرة الكبرى مكتبة القاهرة الكبرى 03/26/2014   810.90358\ج ا 18633 03/26/2014 03/26/2014 كتاب

Powered By

EGPV